<?xml version="1.0" encoding="UTF-8"?>
<record
    xmlns:xsi="http://www.w3.org/2001/XMLSchema-instance"
    xsi:schemaLocation="http://www.loc.gov/MARC21/slim http://www.loc.gov/standards/marcxml/schema/MARC21slim.xsd"
    xmlns="http://www.loc.gov/MARC21/slim">

  <leader>01327nam a2200265 i 4500</leader>
  <controlfield tag="001">87752</controlfield>
  <controlfield tag="003">ES-MaACL</controlfield>
  <controlfield tag="005">20250419134548.0</controlfield>
  <controlfield tag="007">t|</controlfield>
  <controlfield tag="008">041223s1952    sp           ||||1| spa d</controlfield>
  <datafield tag="110" ind1="2" ind2=" ">
    <subfield code="a">Laboratorios del Norte de Espa&#xF1;a.</subfield>
    <subfield code="9">5476</subfield>
  </datafield>
  <datafield tag="245" ind1="1" ind2="0">
    <subfield code="a">Museo Retrospectivo de Farmacia y Medicina de los Laboratorios del Norte de Espa&#xF1;a, S.A.</subfield>
  </datafield>
  <datafield tag="260" ind1=" " ind2=" ">
    <subfield code="a">Masnou, Barcelona : </subfield>
    <subfield code="b">Laboratorios del Norte de Espa&#xF1;a, </subfield>
    <subfield code="c">1952.</subfield>
  </datafield>
  <datafield tag="300" ind1=" " ind2=" ">
    <subfield code="a">72 p. : </subfield>
    <subfield code="b">il. ; </subfield>
    <subfield code="c">23 cm.</subfield>
  </datafield>
  <datafield tag="505" ind1="8" ind2=" ">
    <subfield code="a">Contiene: G&#xE9;nesis y desarrollo de los Laboratorios . La botica del Monasterio de Santa Mar&#xED;a la Real, de N&#xE1;jera . Morteros . Cer&#xE1;mica . Material de laboratorio . Otras secciones: Documentaci&#xF3;n profesional antigua, Biblioteca, Grabado, Objetos varios</subfield>
  </datafield>
  <datafield tag="530" ind1=" " ind2=" ">
    <subfield code="a">Disponible en formato digital.</subfield>
  </datafield>
  <datafield tag="594" ind1=" " ind2=" ">
    <subfield code="a">Publ. ed. para conmemorar el 50 aniversario de la creaci&#xF3;n de los Laboratorios del Norte de Espa&#xF1;a, en 1902 en Figueras.</subfield>
  </datafield>
  <datafield tag="610" ind1="2" ind2="4">
    <subfield code="a">Laboratorios del Norte de Espa&#xF1;a.</subfield>
    <subfield code="9">5476</subfield>
  </datafield>
  <datafield tag="650" ind1=" " ind2=" ">
    <subfield code="a">Farmacia-</subfield>
    <subfield code="x">Aparatos e instrumentos.</subfield>
    <subfield code="9">136086</subfield>
  </datafield>
  <datafield tag="650" ind1=" " ind2="4">
    <subfield code="a">Medicina-</subfield>
    <subfield code="x">Material y equipo.</subfield>
    <subfield code="9">152803</subfield>
  </datafield>
  <datafield tag="852" ind1=" " ind2=" ">
    <subfield code="a">ES-MaACL</subfield>
    <subfield code="j">1948-F-16</subfield>
    <subfield code="c">DEPOF</subfield>
    <subfield code="z">Revisado enlace: 19 de Abril de 2025</subfield>
  </datafield>
  <datafield tag="856" ind1=" " ind2=" ">
    <subfield code="u">https://ddd.uab.cat/record/238743</subfield>
    <subfield code="y">Dip&#xF2;sit Digital de Documents de la UAB</subfield>
  </datafield>
  <datafield tag="942" ind1=" " ind2=" ">
    <subfield code="2">udc</subfield>
  </datafield>
  <datafield tag="999" ind1=" " ind2=" ">
    <subfield code="c">87752</subfield>
    <subfield code="d">87752</subfield>
  </datafield>
  <datafield tag="952" ind1=" " ind2=" ">
    <subfield code="0">0</subfield>
    <subfield code="1">0</subfield>
    <subfield code="4">0</subfield>
    <subfield code="7">0</subfield>
    <subfield code="8">Colecci&#xF3;n_de_folletos</subfield>
    <subfield code="a">ATENEOM</subfield>
    <subfield code="b">ATENEOM</subfield>
    <subfield code="c">DEPOF</subfield>
    <subfield code="d">2008-01-17</subfield>
    <subfield code="e">SC</subfield>
    <subfield code="l">0</subfield>
    <subfield code="o">1948-F-16</subfield>
    <subfield code="p">1091672</subfield>
    <subfield code="r">2023-02-23 00:00:00</subfield>
    <subfield code="w">2023-02-23</subfield>
    <subfield code="y">FOLLETOS</subfield>
  </datafield>
</record>
